000 00588cam a22002053a 4500
001 44227
003 PGUSA
005 20140828084017.0
008 131118s2013||||xxu|||||s|||||000 | eng d
040 _aPGUSA
_beng
042 _adc
100 1 _aTheiss, Lewis E.
_q(Lewis Edwin),
_d1878-1963
245 1 4 _aThe Flying Reporter
_h[electronic resource] /
_cLewis E. Theiss
260 _bProject Gutenberg,
_c2013
506 _aPublic domain in the USA.
516 _aElectronic text
830 0 _aProject Gutenberg
_v44227
856 4 0 _uhttp://www.gutenberg.org/ebooks/44227
942 _cEB
999 _c273478
_d273478